Junta de Gobierno de la Caja de Ahorros de la provincia de Barcelona
Descripción Física:
4 p. ; 26 cm
MARC
| LEADER | 00000nam a2200000Ia 4500 | ||
|---|---|---|---|
| 001 | 20168 | ||
| 008 | 160829s1861] xx 000 0 cat d | ||
| 080 | |a RF-7-62 | ||
| 110 | 2 | |a Caja de Ahorros Provincial de la Diputación de Barcelona |9 53091 | |
| 245 | |a Junta de Gobierno de la Caja de Ahorros de la provincia de Barcelona | ||
| 260 | |a Barcelona : |b [s.n., |c 1861] | ||
| 300 | |a 4 p. ; |c 26 cm | ||
| 590 | |a A la contracoberta: Monte-Pío Barcelonés, agregado a la Caja de Ahorros. | ||
| 590 | |a Prové de 393, exp. 16-1. | ||
| 590 | |a Hi ha un duplicat a: DUP-65-46 | ||
| 650 | |a Caja de Ahorros de la Provincia de Barcelona | ||
| 700 | |a Caixa d'Estalvis i Mont de Pietat de Barcelona (Caixa de Barcelona) |9 47617 | ||
| 856 | 4 | |u https://media.diba.cat/diba/fitxers/arxiu/fulletons/bib_20168_1861_baixa.pdf |y Accés lliure | |
| 856 | 4 | |u https://media.diba.cat/diba/fitxers/arxiu/fulletons/bib_20168_1861_baixa.pdf |y Accés lliure | |
| 901 | |a Arxiu | ||
| 942 | |n 1 |2 udc | ||
| 952 | |0 0 |1 0 |4 0 |6 RF762 |7 1 |9 54005 |a Arxiu |b Arxiu |d 2016-12-01 |l 0 |o RF-7-62 |p 20168 |r 2016-12-01 00:00:00 |w 2016-12-01 |y ARXIU | ||
| 999 | |c 57873 |d 57873 | ||
| 900 | |a bib_20168_1861_baixa.pdf | ||